Statistics for First 100 Fibonacci numbers - need fast typing and adding!

Click here to take the quiz!

General Stats

  • This quiz has been taken 611 times
    (368 since last reset)
  • The average score is 31 of 100

Answer Stats

NUMBER % Correct
1
100%
2
100%
3
99%
5
98%
8
96%
13
95%
21
93%
34
92%
55
91%
89
90%
144
84%
377
78%
233
78%
610
77%
987
75%
1 597
74%
2 584
66%
4 181
63%
6 765
63%
10 946
60%
17 711
56%
28 657
54%
46 368
50%
75 025
49%
317 811
47%
121 393
47%
196 418
47%
514 229
46%
832 040
46%
1 346 269
46%
2 178 309
44%
3 524 578
42%
5 702 887
40%
9 227 465
39%
14 930 352
37%
24 157 817
36%
39 088 169
35%
63 245 986
34%
102 334 155
34%
165 580 141
30%
267 914 296
30%
433 494 437
29%
701 408 733
26%
1 134 903 170
25%
1 836 311 903
24%
2 971 215 073
23%
4 807 526 976
22%
7 778 742 049
20%
12 586 269 025
18%
20 365 011 074
16%
32 951 280 099
15%
53 316 291 173
14%
86 267 571 272
13%
139 583 862 445
12%
225 851 433 717
10%
365 435 296 162
9%
591 286 729 879
9%
956 722 026 041
7%
1 548 008 755 920
6%
2 504 730 781 961
6%
6 557 470 319 842
5%
4 052 739 537 881
5%
10 610 209 857 723
4%
17 167 680 177 565
4%
27 777 890 035 288
4%
44 945 570 212 853
4%
72 723 460 248 141
4%
117 669 030 460 994
4%
2 111 485 077 978 050
3%
8 944 394 323 791 464
3%
5 527 939 700 884 757
3%
190 392 490 709 135
3%
1 304 969 544 928 657
3%
806 515 533 049 393
3%
498 454 011 879 264
3%
308 061 521 170 129
3%
2 880 067 194 370 816 120
2%
218 922 995 834 555 169 026
2%
135 301 852 344 706 746 049
2%
83 621 143 489 848 422 977
2%
51 680 708 854 858 323 072
2%
31 940 434 634 990 099 905
2%
19 740 274 219 868 223 167
2%
12 200 160 415 121 876 738
2%
7 540 113 804 746 346 429
2%
4 660 046 610 375 530 309
2%
3 416 454 622 906 707
2%
1 779 979 416 004 714 189
2%
1 100 087 778 366 101 931
2%
679 891 637 638 612 258
2%
420 196 140 727 489 673
2%
259 695 496 911 122 585
2%
160 500 643 816 367 088
2%
99 194 853 094 755 497
2%
61 305 790 721 611 591
2%
37 889 062 373 143 906
2%
23 416 728 348 467 685
2%
14 472 334 024 676 221
2%
354 224 848 179 261 915 075
2%

Score Distribution

Percentile by Number Answered

Percent of People with Each Score

Your Score History

You have not taken this quiz since the last reset